| 000 | 00611nam a2200193Ia 4500 | ||
|---|---|---|---|
| 003 | GCL | ||
| 005 | 20240530102921.0 | ||
| 008 | 140319s9999 xx 000 0 ara d | ||
| 040 |
_aGCL / _cGCL |
||
| 082 | 0 | 4 | _a413.151م ل |
| 100 | 1 | _aمحمد سويسى | |
| 245 | 1 | 0 |
_aلغة الرياضيات فى العربية / _cمحمد سويسى |
| 260 |
_aتونس : _bالمؤسسة الوطنية للترجمة والتحقيق والدراسات ، _c1989 |
||
| 300 |
_a596 ص؛ _b24 سم |
||
| 650 | 0 | 4 | _aالرياضيات |
| 650 | 0 | 4 | _aالمعاجم |
| 650 | 0 | 4 | _aالمصطلحات |
| 942 |
_2ddc _cBK |
||
| 999 |
_c35340 _d35340 |
||